Stade Rennais FC Squad 2023-2024 - Statistics

General Stats
  • This quiz has been taken 69 times
    54 since last reset
  • The average score is 17 of 27
Answer Stats
# Position Nation Player % Correct
5 DF Belgium Arthur Theate
94%
30 GK France Steve Mandanda
92%
10 FW Algeria Amine Gouiri
83%
9 FW France Arnaud Kalimuendo
83%
14 MF France Benjamin Bourigeaud
81%
7 FW France Martin Terrier
81%
3 DF France Adrien Truffert
78%
33 MF France Désiré Doué
75%
17 DF Ivory Coast Guéla Doué
72%
1 GK France Gauthier Gallon
69%
23 DF France Warmed Omari
69%
6 MF Netherlands Azor Matusiwa
61%
28 MF France Enzo Le Fée
61%
34 FW Morocco Ibrahim Salah
61%
21 MF Serbia Nemanja Matić
61%
8 MF France Baptiste Santamaria
58%
- Coach France Bruno Génésio
58%
15 DF Cameroon Christopher Wooh
58%
16 DF France Jeanuël Belocian
58%
- Coach France Julien Stéphan
58%
11 MF France Ludovic Blas
58%
32 MF Switzerland Fabian Rieder
56%
36 DF Ghana Alidu Seidu
53%
99 FW Turkey Bertuğ Yıldırım
53%
22 DF France Lorenz Assignon
39%
40 GK Central African Republic Geoffrey Lembet
31%
38 DF Morocco Mohamed Jaouab
28%
No matching quizzes found
Score Distribution
Percent of People with Each Score
Percentile by Number Answered
Your Score History
You have not taken this quiz since the last reset